Hayatım : (Kayıt no. 7235)
[ düz görünüm ]
| 000 -LEADER | |
|---|---|
| fixed length control field | 00599nam a22001937a 4500 |
| 003 - CONTROL NUMBER IDENTIFIER | |
| control field | KOHA_MİRAKIL |
| 005 - DATE AND TIME OF LATEST TRANSACTION | |
| control field | 20241003053910.0 |
| 008 - FIXED-LENGTH DATA ELEMENTS--GENERAL INFORMATION | |
| fixed length control field | 241002b2021 tu ||||| |||| 00| 0 tur d |
| 020 ## - INTERNATIONAL STANDARD BOOK NUMBER | |
| International Standard Book Number | 9786254055355 |
| 040 ## - CATALOGING SOURCE | |
| Original cataloging agency | TR-AnABB |
| Language of cataloging | tur |
| Transcribing agency | TR-AnABB |
| 041 ## - LANGUAGE CODE | |
| Language code of text/sound track or separate title | tur |
| 082 ## - DEWEY DECIMAL CLASSIFICATION NUMBER | |
| Classification number | 891.733 |
| Item number | CEH 2021 |
| 100 1# - MAIN ENTRY--PERSONAL NAME | |
| Personal name | Çehov, Anton Pavloviç, 1860-1904 |
| 9 (RLIN) | 547 |
| 245 10 - TITLE STATEMENT | |
| Title | Hayatım : |
| Remainder of title | bir taşralının hikayesi / |
| Statement of responsibility, etc. | Anton Pavloviç Çehov. |
| 260 ## - PUBLICATION, DISTRIBUTION, ETC. | |
| Place of publication, distribution, etc. | İstanbul : |
| Name of publisher, distributor, etc. | İş Bankası Kültür Yayınları, |
| Date of publication, distribution, etc. | 2021. |
| 300 ## - PHYSICAL DESCRIPTION | |
| Extent | 112 sayfa ; |
| Dimensions | 22 cm. |
| 650 ## - SUBJECT ADDED ENTRY--TOPICAL TERM | |
| Topical term or geographic name entry element | Rus edebiyatı, roman |
| 9 (RLIN) | 16 |
| 942 ## - ADDED ENTRY ELEMENTS (KOHA) | |
| Source of classification or shelving scheme | Dewey Decimal Classification |
| Koha item type | Kitap |
| 900 ## - EQUIVALENCE OR CROSS-REFERENCE-PERSONAL NAME [LOCAL, CANADA] | |
| Numeration | Can Çelik |
| Withdrawn status | Lost status | Source of classification or shelving scheme | Damaged status | Not for loan | Home library | Current library | Date acquired | Source of acquisition | Total checkouts | Full call number | Barcode | Date last seen | Price effective from | Koha item type |
|---|---|---|---|---|---|---|---|---|---|---|---|---|---|---|
| Dewey Decimal Classification | Büyükşehir Genç Akademi Batıkent | Büyükşehir Genç Akademi Batıkent | 16/11/2025 | 891.733 CEH 2021 | ABB125499 | 16/11/2025 | 16/11/2025 | Kitap | ||||||
| Dewey Decimal Classification | Meteoroloji Çalışma İstasyonu | Meteoroloji Çalışma İstasyonu | 02/10/2024 | SATIN | 891.733 CEH 2021 | ABB118607 | 03/10/2024 | 03/10/2024 | Kitap |
